Manual de diseño para estructuras con elementos de plancha delgada de acero formados en frío

Guardat en:
Dades bibliogràfiques
Autor corporatiu: Instituto Chileno del Acero (Autor), ICHA (Autor)
Format: Llibre
Idioma:espanyol
Publicat: Santiago ICHA 1968
Matèries:
Etiquetes: Afegir etiqueta
Sense etiquetes, Sigues el primer a etiquetar aquest registre!

MARC

LEADER 00000nam a2200000 a 4500
001 UCP2931
003 CL-VaPUC
008 990604e19680000CL |||||||||||||||||spa|d
082 0 4 |a 624.182  |b INS  |2 21 
110 2 |a Instituto Chileno del Acero  |e author  |9 429941 
710 2 |a ICHA  |e author  |9 429942 
245 1 0 |a Manual de diseño para estructuras con elementos de plancha delgada de acero formados en frío 
300 |a 167 p 
942 |c BK 
945 |d 19990604 00:00:00  |a cmena 
260 |a Santiago  |b ICHA  |c 1968 
650 0 |a Estructuras  |9 271908 
650 0 |a Elementos estructurales  |9 350100 
650 0 |a Aceros  |9 260685 
650 7 |a CONSTRUCCION DE ACERO  |2 CL-VaPUC  |9 429943 
650 7 |a PRODUCTOS METALICOS  |2 CL-VaPUC  |9 361353 
583 |a last modification  |c 19990604 00:00:00  |k Rodrigo Vera 
999 |c 281395  |d 281393 
952 |0 0  |1 0  |4 0  |6 624_182000000000000_INS_1968  |7 0  |8 A  |9 322115  |a BIBMEC  |b BIBMEC  |d 2019-11-20  |i 1380702  |o 624.182 INS 1968  |p 1380702  |r 2024-01-19  |w 2019-11-20  |y BK  |k MEC